Famous Rappers Quiz - Statistics

General Stats
  • This quiz has been taken 400 times
    383 since last reset
  • The average score is 44 of 75
Answer Stats
Picture Answer % Correct
Drake
99%
Snoop Dogg
98%
Kanye West
97%
Tupac
97%
Eminem
96%
The Notorious B.I.G.
95%
XXXTentacion
94%
Juice Wrld
92%
Lil Wayne
92%
Jay-Z
90%
Post Malone
90%
50 Cent
89%
J. Cole
88%
Kendrick Lamar
88%
The Weeknd
86%
Dababy
84%
Travis Scott
83%
DJ Khaled
81%
Tyler The Creator
81%
Lil Uzi Vert
80%
21 Savage
78%
Jack Harlow
77%
NLE Choppa
76%
Lil Baby
73%
Lil Tecca
73%
Pop Smoke
72%
Future
71%
YNW Melly
70%
Lil Yachty
68%
Trippie Redd
66%
Blueface
64%
Lil Mosey
64%
NBA Youngboy
64%
Chance the Rapper
62%
Kodak Black
61%
Frank Ocean
60%
Baby Keem
59%
Playboi Carti
59%
Quavo
59%
Lil Durk
57%
Young Thug
56%
Offset
55%
Polo G
55%
Lil Tjay
54%
Gunna
53%
Ski Mask the Slump God
53%
Chris Brown
51%
Roddy Ricch
51%
Takeoff
51%
The Kid LAROI
49%
Nas
48%
Denzel Curry
47%
King Von
46%
Chief Keef
45%
Kid Cudi
36%
Lil Skies
36%
Swae Lee
35%
Tory Lanez
35%
JID
34%
NAV
34%
Cordae
33%
A Boogie Wit Da Hoodie
32%
Ty Dolla $ign
30%
Pusha T
27%
Nardo Wick
25%
$NOT
24%
G Herbo
23%
Sheck Wes
22%
Fivio Foreign
20%
Aminé
18%
Moneybagg Yo
15%
Sleepy Hallow
15%
YBN Nahmir
14%
42 Dugg
9%
Sheff G
8%
No matching quizzes found
Score Distribution
Percent of People with Each Score
Percentile by Number Answered
Your Score History
You have not taken this quiz since the last reset